Online Catalogue and eLibrary

Nuthana sinhala nawakathawe nirupitha striya (Record no. 5241)

MARC details
000 -LEADER
fixed length control field 00432nam a2200157Ia 4500
005 - DATE AND TIME OF LATEST TRANSACTION
control field 20250620010159.0
008 - FIXED-LENGTH DATA ELEMENTS--GENERAL INFORMATION
fixed length control field 240331s9999 xx 000 0 und d
020 ## - INTERNATIONAL STANDARD BOOK NUMBER
ISBN 9552084652
082 ## - DDC Classification
Item Number - Author Mark GUR
Class No. 305
100 ## - MAIN ENTRY--PERSONAL NAME
Personal name Gurusinghe,L
245 #0 - TITLE STATEMENT
Title Nuthana sinhala nawakathawe nirupitha striya
260 ## - PUBLICATION, DISTRIBUTION, ETC.
Place of publication, distribution, etc. Colombo
Name of publisher, distributor, etc. S.Godage & Brothers
Date of publication, distribution, etc. 2008
300 ## - PHYSICAL DESCRIPTION
Extent (e.g. Volumes, Pages etc.) 198 p .,
500 ## - GENERAL NOTE
General note The iconic woman in the modern Sinhala novel
942 ## - Koha item type (Biblio)
Koha item type Books in Stacks (Lending)
Holdings
Lost status Damaged status Collection code Home library Current library Shelving location Date acquired Full call number Accession Number Item type
    Lending WERC Library WERC Library Social Science Cupboard 03/31/2024 305.4 GUR 6327 Books in Stacks (Lending)

© WERC Library